000 00305nam a22001337a 4500
008 171124b xxu||||| |||| 00| 0 eng d
020 _a0471090042
041 _aeng
080 _23RD
_a612.39
100 _a10
101 _aNUT
245 _aNUTRITION AN INTEGRATED APPROACH
_cPIKE,R.L
942 _2udc
_cBK
999 _c38473
_d38473